HUMAN ANATOMY AND PHYSIOLOGY (Record no. 33008)

MARC details
000 -LEADER
fixed length control field 00333nam a22001457a 4500
003 - CONTROL NUMBER IDENTIFIER
control field SGT
020 ## - INTERNATIONAL STANDARD BOOK NUMBER
International Standard Book Number 938426699-X
082 ## - DEWEY DECIMAL CLASSIFICATION NUMBER
Classification number 611
Item number ARO
100 ## - MAIN ENTRY--PERSONAL NAME
Personal name ARORA, DR. NAMITA
245 ## - TITLE STATEMENT
Title HUMAN ANATOMY AND PHYSIOLOGY
260 ## - PUBLICATION, DISTRIBUTION, ETC. (IMPRINT)
Place of publication, distribution, etc INDIA
Name of publisher, distributor, etc BIRLA PUB
Year of Publication 2027
300 ## - PAGE DESCRIPTION
No. of Pages 203
650 ## - SUBJECT ADDED ENTRY--TOPICAL TERM
Topical term or geographic name as entry element HUMAN ANATOMY AND PHYSIOLOGY
942 ## - ADDED ENTRY ELEMENTS (KOHA)
Source of classification or shelving scheme Dewey Decimal Classification
Koha item type Books
Holdings
Withdrawn status Lost status Source of classification or shelving scheme Damaged status Not for loan Collection code Home library Current library Shelving location Date acquired Vendor Name Cost, normal purchase price Volume Information (Serial or Books or Non-Book Material) SGTU Bill Number Full call number Accession No. (Barcode) Date last seen Bill Date Koha item type Total Checkouts Checked out Date last borrowed
    Dewey Decimal Classification   Not For Loan SCIENCE SGT Science & Social Sciences Library SGT Science & Social Sciences Library Reference Book 29/10/2025 ABC 250.00 2 SGTU 21721 611 ARO DP1251 29/10/2025 17/09/2025 Books      
    Dewey Decimal Classification     SCIENCE SGT Science & Social Sciences Library SGT Science & Social Sciences Library Text Book 29/10/2025 ABC 250.00 2 SGTU 21721 611 ARO DP1252 03/06/2026 17/09/2025 Books 1 17/06/2026 03/06/2026
    Dewey Decimal Classification     SCIENCE SGT Science & Social Sciences Library SGT Science & Social Sciences Library Text Book 29/10/2025 ABC 250.00 2 SGTU 21721 611 ARO DP1253 01/06/2026 17/09/2025 Books 1 15/06/2026 01/06/2026
    Dewey Decimal Classification     SCIENCE SGT Science & Social Sciences Library SGT Science & Social Sciences Library Text Book 29/10/2025 ABC 250.00 2 SGTU 21721 611 ARO DP1254 29/10/2025 17/09/2025 Books      
    Dewey Decimal Classification     SCIENCE SGT Science & Social Sciences Library SGT Science & Social Sciences Library Text Book 29/10/2025 ABC 250.00 2 SGTU 21721 611 ARO DP1255 01/06/2026 17/09/2025 Books 1 15/06/2026 01/06/2026